000 00601nam a22001697a 4500
003 OSt
005 20171010095501.0
008 120726t xxu||||| |||| 00| 0 eng d
040 _aMMSU
_cULS
100 _aGrande, Veronica O.
_911525
245 _aEcology, reproductive periodicity and management measures of sea cucumber fishery in Ilocos Norte, Philippines
_cVeronica O. Grance
260 _c2009
300 _axxi, 181 leaves
_c28 cm.
500 _aThesis (Ph.D. in Agriculture) -- Central Luzon State University, Munoz, Nueva Ecija
504 _aBibliography: leaves 141-147
942 _2ddc
_cTHEDIS
999 _c9662
_d9662